000 00317nam a22001457a 4500
008 210607b ||||| |||| 00| 0 eng d
020 _a9781429237192
041 _aeng
080 _22nd
_a159.9
082 _a159.9
100 _a48
101 _aPSI
245 _aPsychology
_cDaniel L. Schacter
942 _2udc
_cBK
999 _c58038
_d58038